| 000 | 00572nam a2200193 i 4500 | ||
|---|---|---|---|
| 001 | 105020 | ||
| 003 | ES-MaACL | ||
| 005 | 20230906183745.0 | ||
| 007 | t| | ||
| 008 | 060606s1976 fr ||||1| fre d | ||
| 080 | _a79(44)"1939/45" | ||
| 100 | 1 |
_aHalimi, André. _961548 |
|
| 245 | 1 | 0 |
_aChantons sous l'occupation / _cAndré Halimi. |
| 260 |
_a[Paris] : _bOlivier Orban, _c[1976] |
||
| 300 |
_a346 p. ; _c22 cm. |
||
| 500 | _aBiblioteca Jacinto Martínez Lacalle. | ||
| 650 | 4 |
_aEspectáculos- _zFrancia- _y1939-1945. _912490 |
|
| 852 |
_aES-MaACL _jE-11242 _bR.139215 |
||
| 999 |
_c105020 _d105020 |
||